IFM Opac

A TRAINING OFFICER`S GUIDE TO COMMERCIAL APPRENTICESHIP (Record no. 14966)

MARC details
000 -LEADER
fixed length control field 00425nam a22001337a 4500
082 ## - DEWEY DECIMAL CLASSIFICATION NUMBER
Classification number 331.25920942BIN
100 ## - MAIN ENTRY--PERSONAL NAME
Personal name BINGHAM, V.N.
245 ## - TITLE STATEMENT
Title A TRAINING OFFICER`S GUIDE TO COMMERCIAL APPRENTICESHIP
260 ## - PUBLICATION, DISTRIBUTION, ETC.
Place of publication, distribution, etc. LONDON
Name of publisher, distributor, etc. BRITISH ASSOCIATION FOR COMMERCIAL AND INDUSTRIAL EUCATION
Date of publication, distribution, etc. 1972
300 ## - PHYSICAL DESCRIPTION
Extent 33P
Other physical details 25CM
650 ## - SUBJECT ADDED ENTRY--TOPICAL TERM
Topical term or geographic name entry element A TRAINING OFFICER`S GUIDE TO COMMERCIAL APPRENTICESHIP
700 ## - ADDED ENTRY--PERSONAL NAME
Personal name BINGHAM, V.N.
942 ## - ADDED ENTRY ELEMENTS (KOHA)
Koha item type Books
Holdings
Withdrawn status Lost status Source of classification or shelving scheme Damaged status Not for loan Home library Current library Shelving location Date acquired Full call number Barcode Date last seen Price effective from Koha item type
    Dewey Decimal Classification     IFM Main Campus Library IFM Main Campus Library   01/26/2016 331.25920942BIN 0000015563 01/26/2016 01/26/2016 Books